000 00938nam a2200313 a 4500
001 vtls000183810
003 NLI
005 20210602111251.0
008 101125s2006 enk 001 0 eng
020 _a0415328047 :
_cPND 65.00
039 9 _y201011252214
_zVLOAD
040 _aNLI
_beng
_cDatasoft 1
_eAACR2
041 0 _aeng
044 _aenk
082 0 4 _a327.54009045
100 1 _aKapur, Ashok
_9226931
245 1 0 _aIndia :
_bfrom regional to world power /
_cAshok Kapur
260 _aLondon :
_bRoutledge,
_cc2006
300 _aviii, 253 p. ;
_c24 cm.
440 0 _aIndia in the modern world
_9359416
500 _aIncludes index
651 0 _aIndia
_xForeign relations
_y1984-
_9291705
651 0 _aIndia
_xForeign relations
_y1947-1984
_9277509
887 _a
901 _a553007
_b17.07.2006
902 _aE 327.54009045 K 143
942 _2ddc
_cBKS
949 _AVIRTUAITEM
_D10000
_X100
_6PUR000553007ENG
999 _aVIRTUA40
_c190812
_d190812